| 000 | 00591nam a22001937a 4500 | ||
|---|---|---|---|
| 999 |
_c7057 _d7057 |
||
| 003 | OSt | ||
| 005 | 20210831113033.0 | ||
| 008 | 210831b ||||| |||| 00| 0 eng d | ||
| 020 | _a8185198004 | ||
| 040 | _cDDC | ||
| 082 | _a581APP1997 | ||
| 100 |
_aReinert.J,Bajaj.Y.P.S; _914530 |
||
| 245 |
_aApplied and Fundamental Aspects of Plant Cell,Tissue,and Organ Culture _cEdited by Reinert.J and Bajaj.Y.P.S |
||
| 260 |
_aBerlin _bNarosa Publishing House _c1997 |
||
| 300 |
_axviii,803p; _bill _c25cm |
||
| 504 | _aincludes; references,index | ||
| 650 |
_aBiology _95602 |
||
| 942 |
_2ddc _cO_SHELF |
||